[Event "Moscow op-A"]
[Site "Moscow"]
[Date "2015.02.06"]
[Round "7"]
[White "Appolonov, Sergei"]
[Black "Kuybokarov, Temur"]
[Result "1-0"]
[WhiteElo "2370"]
[BlackElo "2274"]
[PlyCount "40"]
[EventDate "2015.01.31"]
[EventType "swiss"]
[EventRounds "9"]
[EventCountry "RUS"]
[SourceTitle "CBM 164 Extra"]
[Source "ChessBase"]
[SourceDate "2015.03.02"]
[SourceVersion "1"]
[SourceVersionDate "2015.03.02"]
[SourceQuality "1"]

1. Nf3 d5 2. g3 Bg4 3. Bg2 c6 4. b3 Nd7 5. Bb2 Ngf6 6. 0-0 e6 7. d3 Bd6 8. Nbd2 0-0 9. h3 Bh5 10. e3 e5 11. g4 Bg6 12. Nh4 Qc7 13. Qe2 Rfe8 14. c4 dxc4 15. Nxc4 Bf8 16. Rac1 a5 17. a3 Qb8 18. Rfd1 Nd5 19. g5 Qd8 20. Nxg6 hxg6 1-0

[Event "Moscow op-A"]
[Site "Moscow"]
[Date "2015.02.05"]
[Round "6"]
[White "Matsenko, Sergei"]
[Black "Appolonov, Sergei"]
[Result "1-0"]
[WhiteElo "2489"]
[BlackElo "2370"]
[PlyCount "87"]
[EventDate "2015.01.31"]
[EventType "swiss"]
[EventRounds "9"]
[EventCountry "RUS"]
[SourceTitle "CBM 164 Extra"]
[Source "ChessBase"]
[SourceDate "2015.03.02"]
[SourceVersion "1"]
[SourceVersionDate "2015.03.02"]
[SourceQuality "1"]

1. Nf3 c5 2. c4 g6 3. d4 cxd4 4. Nxd4 Nc6 5. e4 Nf6 6. Nc3 d6 7. Be2 Nxd4 8. Qxd4 Bg7 9. Be3 0-0 10. Qd2 Be6 11. Rc1 Qa5 12. f3 Rfc8 13. b3 a6 14. Na4 Qxd2+ 15. Kxd2 Nd7 16. g4 Rc7 17. h4 f5 18. gxf5 gxf5 19. Rhg1 Kf7 20. Nc3 Bxc3+ 21. Kxc3 Nf6 22. Kb2 Rcc8 23. Rg5 fxe4 24. fxe4 h6 25. Rgg1 Rh8 26. Rcf1 Rag8 27. Bh5+ Kf8 28. Rxg8+ Kxg8 29. Rg1+ Kf8 30. Bf3 Nd7 31. Kc3 h5 32. Bd4 Rh7 33. e5 Nxe5 34. Bxe5 dxe5 35. Bxb7 Bg4 36. Rf1+ Kg7 37. Bxa6 Rh6 38. Bb7 Rb6 39. Be4 Rf6 40. Re1 Bf3 41. a4 Rf4 42. Bxf3 Rxf3+ 43. Kb4 Kf6 44. a5 1-0

[Event "Moscow op-A"]
[Site "Moscow"]
[Date "2015.02.03"]
[Round "4"]
[White "Grigoriants, Sergey"]
[Black "Appolonov, Sergei"]
[Result "1-0"]
[WhiteElo "2567"]
[BlackElo "2370"]
[PlyCount "34"]
[EventDate "2015.01.31"]
[EventType "swiss"]
[EventRounds "9"]
[EventCountry "RUS"]
[SourceTitle "CBM 164 Extra"]
[Source "ChessBase"]
[SourceDate "2015.03.02"]
[SourceVersion "1"]
[SourceVersionDate "2015.03.02"]
[SourceQuality "1"]

1. Nf3 c5 2. c4 g6 3. d4 cxd4 4. Nxd4 Nc6 5. e4 Nf6 6. Nc3 d6 7. Nc2 Bg7 8. Be2 0-0 9. Be3 Be6 10. Qd2 Qa5 11. 0-0 Rfc8 12. Rae1 Ng4 13. Bxg4 Bxg4 14. b4 Bxc3 15. Qxc3 Qe5 16. Qd3 Re8 17. Bd4 Qg5 1-0

[Event "Moscow-ch"]
[Site "Moscow"]
[Date "2014.03.28"]
[Round "7"]
[White "Ageichenko, Genadi A"]
[Black "Appolonov, Sergei"]
[Result "0-1"]
[WhiteElo "2282"]
[BlackElo "2377"]
[PlyCount "77"]
[EventDate "2014.03.22"]
[EventType "swiss"]
[EventRounds "9"]
[EventCountry "RUS"]
[SourceTitle "CBM 159 Extra"]
[Source "ChessBase"]
[SourceDate "2014.04.24"]
[SourceVersion "1"]
[SourceVersionDate "2014.04.24"]
[SourceQuality "1"]

1. d4 Nf6 2. Nf3 b6 3. c4 e6 4. Nc3 Bb7 5. g3 Bb4 6. Bg2 Bxc3+ 7. bxc3 d6 8. 0-0 Nbd7 9. Ne1 Bxg2 10. Nxg2 0-0 11. Qd3 Qc8 12. e4 Qa6 13. Rd1 c5 14. Bg5 cxd4 15. cxd4 Rac8 16. Ne3 Qa5 17. Bxf6 Nxf6 18. f3 Nd7 19. a4 Rc7 20. Qa3 Rc6 21. Rab1 Qh5 22. Kg2 Rfc8 23. Rb5 Qh6 24. h4 Qf6 25. Rd2 g6 26. h5 Kh8 27. Ng4 Qe7 28. hxg6 hxg6 29. Ne5 Nxe5 30. dxe5 Rd8 31. Rb1 Rc5 32. Rb5 dxe5 33. Rxd8+ Qxd8 34. Rxc5 Qf8 35. Rc8 Qxc8 36. Qe7 Kg7 37. Qxa7 Qxc4 38. Qxb6 Qxa4 39. Qf2 0-1

[Event "Moscow-ch"]
[Site "Moscow"]
[Date "2014.03.26"]
[Round "5"]
[White "Sychev, Klementy"]
[Black "Appolonov, Sergei"]
[Result "1-0"]
[WhiteElo "2317"]
[BlackElo "2377"]
[PlyCount "61"]
[EventDate "2014.03.22"]
[EventType "swiss"]
[EventRounds "9"]
[EventCountry "RUS"]
[SourceTitle "CBM 159 Extra"]
[Source "ChessBase"]
[SourceDate "2014.04.24"]
[SourceVersion "1"]
[SourceVersionDate "2014.04.24"]
[SourceQuality "1"]

1. d4 Nf6 2. c4 e6 3. Nf3 b6 4. g3 Bb4+ 5. Bd2 Bxd2+ 6. Qxd2 Ba6 7. b3 0-0 8. Bg2 c6 9. 0-0 d5 10. Rc1 Nbd7 11. a4 Qe7 12. Na3 Ne4 13. Qb2 Qb4 14. Ne1 Rfc8 15. Nd3 Qe7 16. b4 Ndf6 17. Rc2 c5 18. Rac1 dxc4 19. Nxc4 cxd4 20. Qxd4 Bb7 21. f3 Rd8 22. Qe5 Rd5 23. Qf4 Rf5 24. Qe3 Nd6 25. Nce5 Nd5 26. Qd4 Rh5 27. e4 f6 28. Nc6 Qd7 29. g4 Bxc6 30. Rxc6 Rg5 31. h4 1-0

[Event "Moscow-ch"]
[Site "Moscow"]
[Date "2014.03.25"]
[Round "4"]
[White "Appolonov, Sergei"]
[Black "Stukopin, Andrey"]
[Result "0-1"]
[WhiteElo "2377"]
[BlackElo "2544"]
[PlyCount "76"]
[EventDate "2014.03.22"]
[EventType "swiss"]
[EventRounds "9"]
[EventCountry "RUS"]
[SourceTitle "CBM 159 Extra"]
[Source "ChessBase"]
[SourceDate "2014.04.24"]
[SourceVersion "1"]
[SourceVersionDate "2014.04.24"]
[SourceQuality "1"]

1. Nf3 c5 2. c4 Nc6 3. Nc3 g6 4. e3 Bg7 5. d4 d6 6. Be2 e6 7. 0-0 Nf6 8. d5 exd5 9. cxd5 Ne7 10. e4 0-0 11. Bf4 Nh5 12. Be3 f5 13. Ng5 f4 14. Bc1 Nf5 15. Nxh7 Kxh7 16. exf5 Rxf5 17. Bg4 Rg5 18. Bxh5 Rxh5 19. Bxf4 Rh4 20. Qd2 Qf8 21. g3 Rh5 22. Rfe1 Bh3 23. Ne4 Kh8 24. Rad1 Bd4 25. Qe2 Re8 26. Qb5 Re7 27. Rxd4 cxd4 28. Qc4 Kg8 29. Qxd4 g5 30. Qd1 Qh6 31. Bxd6 Rf7 32. Be5 Bg2 33. g4 Bf3 34. Qb3 Rxh2 35. Bxh2 Qh3 36. Nf6+ Rxf6 37. d6+ Kg7 38. Re7+ Kh6 0-1

[Event "Moscow-chT"]
[Site "Moscow"]
[Date "2012.09.26"]
[Round "2.4"]
[White "Demidov, Mikhail"]
[Black "Appolonov, Sergei"]
[Result "1-0"]
[WhiteElo "2443"]
[BlackElo "2392"]
[PlyCount "77"]
[EventDate "2012.09.23"]
[EventType "team-tourn"]
[EventRounds "7"]
[EventCountry "RUS"]
[SourceTitle "CBM 150 Extra"]
[Source "ChessBase"]
[SourceDate "2012.10.19"]
[SourceVersion "1"]
[SourceVersionDate "2012.10.19"]
[SourceQuality "1"]
[WhiteTeam "Moscow Youth"]
[BlackTeam "Yakimanka"]
[WhiteTeamCountry "RUS"]
[BlackTeamCountry "RUS"]

1. d4 Nf6 2. Nf3 e6 3. c4 Bb4+ 4. Nbd2 b6 5. g3 Bb7 6. Bg2 0-0 7. 0-0 c5 8. a3 Bxd2 9. Qxd2 Nc6 10. dxc5 bxc5 11. b4 Qb6 12. Rb1 d5 13. Bb2 Ne4 14. Qf4 cxb4 15. axb4 f6 16. Qg4 Rae8 17. b5 Na5 18. Bd4 Qd6 19. cxd5 Qxd5 20. Bxa7 Nc3 21. Rb2 Nxb5 22. Nh4 Qe5 23. Rfb1 Nxa7 24. Bxb7 f5 25. Qa4 Nxb7 26. Rxb7 Nc8 27. Qa6 Qd6 28. Qc4 Ne7 29. Nf3 Rc8 30. Qd4 Qxd4 31. Nxd4 Rfe8 32. Nxe6 Nd5 33. Nxg7 Rxe2 34. Nxf5 Rf8 35. g4 Nf4 36. Kf1 Rd2 37. Re7 h5 38. Ke1 Rfd8 39. Nh6+ 1-0

[Event "Moscow-ch sf"]
[Site "Moscow"]
[Date "2009.03.24"]
[Round "4"]
[White "Tarasov, Oleg"]
[Black "Appolonov, Sergei"]
[Result "1-0"]
[WhiteElo "2346"]
[BlackElo "2419"]
[PlyCount "67"]
[EventDate "2009.03.21"]
[EventType "swiss"]
[EventRounds "9"]
[EventCountry "RUS"]
[SourceTitle "EXT 2010"]
[Source "ChessBase"]
[SourceDate "2010.11.25"]
[SourceVersion "1"]
[SourceVersionDate "2010.11.25"]
[SourceQuality "1"]

1. e4 c5 2. c3 e6 3. d4 d5 4. exd5 exd5 5. Nf3 Nf6 6. Bd3 Nc6 7. 0-0 cxd4 8. Nxd4 Be7 9. Nf5 Bxf5 10. Bxf5 0-0 11. Bf4 Bd6 12. Bg3 Re8 13. Qc2 h6 14. Bh4 g5 15. Bg3 Bxg3 16. hxg3 d4 17. Nd2 dxc3 18. bxc3 Re2 19. Bd3 Re5 20. Rad1 Rc8 21. Nc4 Rd5 22. Be2 Qc7 23. Bf3 Rc5 24. Nd6 Rd8 25. Nf5 Rxd1 26. Rxd1 Ne7 27. Nxh6+ Kg7 28. Ng4 Nxg4 29. Bxg4 Rxc3 30. Qb2 Kf8 31. Rd7 Qc4 32. Rd8+ Kg7 33. Be2 Qc5 34. Rd3 1-0

[Event "Moscow op-A"]
[Site "Moscow"]
[Date "2009.02.07"]
[Round "8"]
[White "Appolonov, Sergei"]
[Black "Tappyrov, Vladimir"]
[Result "1-0"]
[WhiteElo "2427"]
[BlackElo "2317"]
[PlyCount "36"]
[EventDate "2009.01.31"]
[EventType "swiss"]
[EventRounds "9"]
[EventCountry "RUS"]
[SourceTitle "EXT 2023"]
[Source "ChessBase"]
[SourceDate "2022.10.05"]
[SourceVersion "1"]
[SourceVersionDate "2022.10.05"]
[SourceQuality "1"]

1. d4 d6 2. Nf3 g6 3. c4 Bg7 4. Nc3 Nf6 5. e4 0-0 6. Be2 e5 7. 0-0 Nc6 8. dxe5 dxe5 9. Bg5 Qxd1 10. Rfxd1 h6 11. Be3 b6 12. h3 Bb7 13. c5 Nb4 14. Rac1 Nxe4 15. Nxe4 Bxe4 16. Rc4 Bd3 17. Bxd3 Nxd3 18. Rxd3 b5 1-0

[Event "Moscow op-A"]
[Site "Moscow"]
[Date "2009.02.01"]
[Round "2"]
[White "Appolonov, Sergei"]
[Black "Kaljaev, Viacheslav"]
[Result "1-0"]
[WhiteElo "2427"]
[BlackElo "2106"]
[PlyCount "63"]
[EventDate "2009.01.31"]
[EventType "swiss"]
[EventRounds "9"]
[EventCountry "RUS"]
[SourceTitle "EXT 2022"]
[Source "ChessBase"]
[SourceDate "2021.10.06"]
[SourceVersion "1"]
[SourceVersionDate "2021.10.06"]
[SourceQuality "1"]

1. c4 e5 2. Nc3 Nf6 3. Nf3 Nc6 4. g3 d5 5. cxd5 Nxd5 6. d3 Rb8 7. Bg2 Nf6 8. 0-0 Be7 9. a3 0-0 10. b4 a6 11. Bb2 b5 12. Rc1 Bb7 13. Nd2 Nd4 14. Nce4 Nd7 15. Nb3 Nxb3 16. Qxb3 Kh8 17. d4 f5 18. Nc5 Nxc5 19. dxc5 Bxg2 20. Kxg2 Bf6 21. Rfd1 Qe7 22. Qd3 e4 23. Bxf6 Qxf6 24. Qd4 Qe6 25. Qd7 Qe5 26. e3 h6 27. Rd5 Qb2 28. Rcd1 Qxa3 29. Qxc7 Rbc8 30. Qe5 Qxb4 31. Rd7 Rg8 32. R1d6 1-0

[Event "Moscow-ch final"]
[Site "Moscow"]
[Date "2008.05.08"]
[Round "1"]
[White "Appolonov, Sergei"]
[Black "Kosyrev, Vladimir"]
[Result "1/2-1/2"]
[WhiteElo "2417"]
[BlackElo "2523"]
[PlyCount "80"]
[EventDate "2008.05.08"]
[EventType "k.o."]
[EventRounds "4"]
[EventCountry "RUS"]
[SourceTitle "CBM 124 Extra"]
[Source "ChessBase"]
[SourceDate "2008.07.03"]
[SourceVersion "1"]
[SourceVersionDate "2008.07.03"]
[SourceQuality "1"]

1. Nf3 d5 2. d4 Nf6 3. c4 e6 4. Nc3 dxc4 5. e3 a6 6. a4 c5 7. Bxc4 Nc6 8. 0-0 Be7 9. Qe2 cxd4 10. Rd1 e5 11. exd4 exd4 12. Nxd4 Nxd4 13. Qe5 Qd6 14. Qxd4 Qxd4 15. Rxd4 Bc5 16. Rh4 0-0 17. Bg5 Be6 18. Bxf6 gxf6 19. Re1 Rfe8 20. Rhe4 f5 21. R4e2 Bd7 22. Rd1 Bc6 23. Kf1 Rxe2 24. Bxe2 Kg7 25. Bf3 Bxf3 26. gxf3 Rc8 27. Nd5 Rd8 28. Ke2 Re8+ 29. Kf1 Rd8 30. Ke2 Rd6 31. f4 Kf8 32. Rd3 f6 33. b4 Ba7 34. Ne3 Rxd3 35. Kxd3 Bb8 36. Nxf5 Bxf4 37. h3 Kf7 38. Ke4 Bd2 39. b5 Ke6 40. bxa6 bxa6 1/2-1/2

[Event "Moscow op-A 04th"]
[Site "Moscow"]
[Date "2008.02.09"]
[Round "8"]
[White "Kozlov, Gennady"]
[Black "Appolonov, Sergei"]
[Result "1-0"]
[WhiteElo "2224"]
[BlackElo "2423"]
[PlyCount "40"]
[EventDate "2008.02.02"]
[EventType "swiss"]
[EventRounds "9"]
[EventCountry "RUS"]
[SourceTitle "CBM 122 Extra"]
[Source "ChessBase"]
[SourceDate "2008.03.04"]
[SourceVersion "1"]
[SourceVersionDate "2008.03.04"]
[SourceQuality "1"]

1. d4 Nf6 2. c4 e6 3. Nf3 b6 4. g3 Bb4+ 5. Bd2 Bxd2+ 6. Qxd2 Bb7 7. Nc3 Bxf3 8. exf3 d5 9. cxd5 Nxd5 10. Bg2 0-0 11. 0-0 c6 12. f4 g6 13. Rac1 Nd7 14. Nxd5 cxd5 15. Rc6 Re8 16. Rfc1 Re7 17. Bf1 Nf6 18. Ba6 Kg7 19. Qe1 Ne8 20. g4 h6 1-0

[Event "Moscow op-A 04th"]
[Site "Moscow"]
[Date "2008.02.08"]
[Round "7"]
[White "Appolonov, Sergei"]
[Black "Kurdakov, Yuri"]
[Result "1/2-1/2"]
[WhiteElo "2423"]
[BlackElo "2286"]
[PlyCount "52"]
[EventDate "2008.02.02"]
[EventType "swiss"]
[EventRounds "9"]
[EventCountry "RUS"]
[SourceTitle "CBM 122 Extra"]
[Source "ChessBase"]
[SourceDate "2008.03.04"]
[SourceVersion "1"]
[SourceVersionDate "2008.03.04"]
[SourceQuality "1"]

1. Nf3 e6 2. c4 Nf6 3. d4 Bb4+ 4. Bd2 Qe7 5. g3 Ne4 6. Bg2 0-0 7. 0-0 Nxd2 8. Nbxd2 Bxd2 9. Nxd2 d6 10. Ne4 Nd7 11. Nc3 Nf6 12. Qd2 a5 13. e4 e5 14. d5 Nd7 15. Rae1 g5 16. Bh3 Nc5 17. Bxc8 Raxc8 18. f4 gxf4 19. gxf4 Nd7 20. Kh1 Kh8 21. Nb5 b6 22. Rg1 Qh4 23. Ref1 Qf6 24. Qf2 exf4 25. Qxf4 Qxf4 26. Rxf4 Ne5 1/2-1/2

[Event "Moscow op-A 04th"]
[Site "Moscow"]
[Date "2008.02.06"]
[Round "5"]
[White "Appolonov, Sergei"]
[Black "Ipatov, Alexander"]
[Result "0-1"]
[WhiteElo "2423"]
[BlackElo "2323"]
[PlyCount "92"]
[EventDate "2008.02.02"]
[EventType "swiss"]
[EventRounds "9"]
[EventCountry "RUS"]
[SourceTitle "CBM 122 Extra"]
[Source "ChessBase"]
[SourceDate "2008.03.04"]
[SourceVersion "1"]
[SourceVersionDate "2008.03.04"]
[SourceQuality "1"]

1. c4 e5 2. Nc3 Nc6 3. g3 Bb4 4. Nd5 Bc5 5. Bg2 Nge7 6. e3 d6 7. Ne2 a5 8. 0-0 0-0 9. d4 Ba7 10. dxe5 Nxe5 11. Nec3 c6 12. Nxe7+ Qxe7 13. Qe2 Bf5 14. Rd1 Rad8 15. f3 h5 16. b3 h4 17. g4 Bc8 18. Kh1 f5 19. g5 h3 20. Bf1 Rfe8 21. Bb2 Ng6 22. Bxh3 Bxe3 23. Qg2 Nh4 24. Qg3 Qxg5 25. Rf1 Qxg3 26. hxg3 Ng6 27. f4 Bd4 28. Rfe1 Kf7 29. Kg2 Rxe1 30. Rxe1 Re8 31. Rxe8 Kxe8 32. Na4 Bxb2 33. Nxb2 Ne7 34. Na4 Kd8 35. Kf2 Kc7 36. Ke3 b6 37. Nc3 Ng8 38. Bg2 Nf6 39. Bf3 Be6 40. Kd4 Bd7 41. Ke3 Be6 42. Kd4 Bf7 43. Ke3 d5 44. cxd5 Nxd5+ 45. Bxd5 Bxd5 46. Na4 c5 0-1

[Event "RUS-chT2"]
[Site "Podolsk"]
[Date "1993.??.??"]
[Round "?"]
[White "Appolonov, Sergei"]
[Black "Sandriev, R."]
[Result "1-0"]
[WhiteElo "2355"]
[BlackElo "2410"]
[PlyCount "63"]
[EventDate "1993.??.??"]
[EventType "team"]
[EventRounds "9"]
[EventCountry "RUS"]
[SourceTitle "TD"]
[Source "ChessBase"]
[SourceDate "1994.03.01"]
[SourceVersion "1"]
[SourceVersionDate "1994.03.01"]
[SourceQuality "1"]

1. Nf3 Nf6 2. c4 g6 3. Nc3 Bg7 4. e4 d6 5. d4 0-0 6. Be3 Nbd7 7. h3 e5 8. d5 a5 9. g4 Nc5 10. Qc2 Ne8 11. 0-0-0 Bd7 12. Rg1 Qc8 13. Kb1 Kh8 14. Rg3 a4 15. Be2 Na6 16. a3 Nc5 17. Nd2 f5 18. gxf5 gxf5 19. Bxc5 dxc5 20. Rdg1 f4 21. Rg5 Qd8 22. R5g2 Bxh3 23. Rh2 Bd7 24. Bh5 Nf6 25. Bg6 Kg8 26. Bf5 Qe7 27. Nf3 Be8 28. Ng5 h5 29. Ne6 Ng4 30. Bxg4 hxg4 31. Rxg4 Rf7 32. Rhg2 1-0

[Event "Wisla BES op"]
[Site "Wisla"]
[Date "1992.??.??"]
[Round "9"]
[White "Appolonov, Sergei"]
[Black "Korneev, Oleg"]
[Result "0-1"]
[WhiteElo "2305"]
[BlackElo "2465"]
[PlyCount "124"]
[EventDate "1992.??.??"]
[EventType "swiss"]
[EventRounds "9"]
[EventCountry "POL"]
[SourceTitle "TD"]
[Source "ChessBase"]
[SourceDate "1994.03.01"]
[SourceVersion "1"]
[SourceVersionDate "1994.03.01"]
[SourceQuality "1"]

1. d4 Nf6 2. Nf3 d5 3. c4 e6 4. cxd5 exd5 5. Nc3 Be7 6. Bg5 c6 7. Qc2 g6 8. e3 Bf5 9. Bd3 Bxd3 10. Qxd3 Nbd7 11. Rb1 a5 12. Bh6 Bf8 13. Bg5 Be7 14. Bh6 Bf8 15. Bg5 h6 16. Bf4 Qe7 17. 0-0 Bg7 18. Be5 0-0 19. Bxf6 Bxf6 20. Na4 Qe6 21. Rfe1 Rfe8 22. Rbc1 Be7 23. a3 Bd6 24. Kf1 f5 25. Ke2 Rac8 26. Rc2 b5 27. Nc3 a4 28. Kf1 Nb6 29. Ne2 Nc4 30. h4 Rc7 31. Nf4 Qf6 32. h5 g5 33. Ng6 g4 34. Nfe5 Qg5 35. Nf4 Bxe5 36. dxe5 Rxe5 37. Qd4 Re4 38. Qc3 d4 39. Qd3 dxe3 40. g3 Rce7 41. Rce2 Rxf4 42. gxf4 Qh4 43. Qd8+ Kh7 44. Rxe3 Nxe3+ 45. Rxe3 Qh1+ 46. Ke2 Qf3+ 47. Kf1 Qh1+ 48. Ke2 Qf3+ 49. Kf1 Rxe3 50. Qd7+ Kg8 51. Qc8+ Kg7 52. Qd7+ Kf6 53. Qd6+ Kf7 54. Qd7+ Re7 55. Qxf5+ Kg8 56. Qg6+ Rg7 57. Qe6+ Rf7 58. Qg6+ Kf8 59. Qd6+ Re7 60. Qf6+ Ke8 61. Qg6+ Kd7 62. Qf5+ Kc7 0-1

[Event "Polanica Zdroj op"]
[Site "Polanica Zdroj"]
[Date "1992.??.??"]
[Round "5"]
[White "Appolonov, Sergei"]
[Black "Malevinsky, Alexander A"]
[Result "1-0"]
[WhiteElo "2305"]
[BlackElo "2390"]
[PlyCount "68"]
[EventDate "1992.??.??"]
[EventType "swiss"]
[EventRounds "10"]
[EventCountry "POL"]
[SourceTitle "EXT 1998"]
[Source "ChessBase"]
[SourceDate "1997.11.17"]
[SourceVersion "1"]
[SourceVersionDate "1997.11.17"]
[SourceQuality "1"]

1. Nf3 Nf6 2. c4 e6 3. d4 d5 4. Nc3 c6 5. e3 g6 6. Bd3 Bg7 7. 0-0 0-0 8. e4 dxe4 9. Nxe4 Nxe4 10. Bxe4 Nd7 11. Bf4 Nf6 12. Bd3 Nh5 13. Bg5 Qc7 14. c5 f6 15. Bd2 Nf4 16. Bc4 Nd5 17. h4 Bd7 18. Re1 Rae8 19. Qc2 Re7 20. a4 Be8 21. Qc1 Bf7 22. Bh6 Rd8 23. Ra3 Bxh6 24. Qxh6 Qf4 25. Qxf4 Nxf4 26. Re4 Nd5 27. g4 h6 28. g5 Kg7 29. Bd3 f5 30. Re5 Rde8 31. Kg2 a5 32. gxh6+ Kxh6 33. Ng5 Kg7 34. Rb3 Ra8 1-0